000 00542nam a22001937a 4500
001 BD-DhSAU 4324
003 BD-DhSAU
005 20150216130049.0
008 150216b1985 -uka|||| |||| 00| 0 eng d
020 _a0713626798
040 _aBD-DhSAU
082 _222
_a630.3
_bDAB
100 _a Dalal-Clayton, D. Barry
245 _aBlack 's agricultural dictionary /
_cD. Barry Dalal-Clayton
260 _aLondon:
_bA & C Black London,
_c1985.
300 _axiii, 432 p. :
_bill. ;
_c22 cm.
590 _aroy
650 _aAgricultural Dictionary
942 _2ddc
_cBOOK
999 _c4324
_d4324